000 00497nam a2200193Ia 4500
005 20250423095222.0
008 250422s9999 xx 000 0 und d
020 _a9788131806135
050 _aQC 320 .R38/
100 _aRathore, Mahesh M.
245 0 _aEngineering heat and mass transfer
250 _a3rd ed.
260 _aNew Delhi
260 _bUniversity Science Press
260 _c2015
300 _a651 p
650 _a Heat--Transmission. Mass transfer.
942 _cBK
999 _c29606
_d29606